000 00521nam a2200193Ia 4500
008 151119s9999||||xx |||||||||||||| ||und||
082 _a820LIT/SHO
082 _bGKKV32701
100 _aLITTLE WILLIAM
245 _aTHE SHORTER OXFORD ENGLISH DICTIONARY
260 _aUK
260 _bOXFORD UNIVERSITY PRESS
260 _c1967
600 _aLITTLE WILLIAM
630 _aTHE SHORTER OXFORD ENGLISH DICTIONARY
700 _aLITTLE WILLIAM
730 _aTHE SHORTER OXFORD ENGLISH DICTIONARY
942 _cBOOK
999 _c1085003
_d1085000